Little monkey : says good night

Bibliographic Details
Main Author: Paul,Ann Whitford
Format: Book
Published: United Kingdom : Chrysalis Childre's Books , 2003
Subjects:

MARC

LEADER 00000cam a2200000 7i4500
001 0000003704
005 20220105103949.0
008 070719
020 |a 1844581624 
090 0 0 |a JP   |b ENG (4124) 
100 1 |a Paul,Ann Whitford 
245 1 0 |a Little monkey :   |b says good night   |c Ann Whitford Paul 
260 |a United Kingdom :   |b Chrysalis Childre's Books ,   |c 2003 
500 |a Children age 4-6 years old (yellow) 
650 0 |a Junior preschool   |x English   |x Languages 
999 |a 0000962148   |b Book   |c Children Collection   |e Perbadanan Perpustakaan Awam Johor 
999 |a 0000962149   |b Book   |c Children Collection   |e Perbadanan Perpustakaan Awam Johor